International journal of plastics technology (Record no. 163352)

MARC details
000 -LEADER
fixed length control field 00586cas a2200229 a 4500
001 - CONTROL NUMBER
control field dpl
005 - DATE AND TIME OF LATEST TRANSACTION
control field 20190411113845.0
006 - FIXED-LENGTH DATA ELEMENTS--ADDITIONAL MATERIAL CHARACTERISTICS--GENERAL INFORMATION
fixed length control field m o d
007 - PHYSICAL DESCRIPTION FIXED FIELD--GENERAL INFORMATION
fixed length control field cr cnu
008 - FIXED-LENGTH DATA ELEMENTS--GENERAL INFORMATION
fixed length control field 050819c20059999nyuqr pso 0 a0eng c
010 ## - LIBRARY OF CONGRESS CONTROL NUMBER
LC control number
022 0# - INTERNATIONAL STANDARD SERIAL NUMBER
International Standard Serial Number 0972-656X
082 10 - DEWEY DECIMAL CLASSIFICATION NUMBER
Classification number 624.18923
245 10 - TITLE STATEMENT
Title International journal of plastics technology
260 ## - PUBLICATION, DISTRIBUTION, ETC. (IMPRINT)
Place of publication, distribution, etc New Delhi :
Name of publisher, distributor, etc Springer India
300 ## - PHYSICAL DESCRIPTION
Extent v.
Dimensions 23 cm (Pbk)
310 ## - CURRENT PUBLICATION FREQUENCY
Current publication frequency Bi-annual
856 ## - ELECTRONIC LOCATION AND ACCESS
Uniform Resource Identifier <a href="www.springer.com/13562">www.springer.com/13562</a>
906 ## - LOCAL DATA ELEMENT F, LDF (RLIN)
c serials
942 ## - ADDED ENTRY ELEMENTS (KOHA)
Source of classification or shelving scheme Dewey Decimal Classification
Item type Periodicals
Serial record 1
Classification part 624.18923
Call number suffix INT
Holdings
Withdrawn status Lost status Source of classification or shelving scheme Damaged status Not for loan Home library Current library Date acquired Source of acquisition Total Checkouts Full call number Date last seen Price effective from Koha item type
    Dewey Decimal Classification     D.B.Act.Division D.B.Act.Division 11/04/2019 DBAD/PUB   624.18923 INT 11/04/2019 11/04/2019 Periodicals

© Delhi Public Library
Hit Counter
free hit counter